| 000 | 00876cam a2200277 4500 | ||
|---|---|---|---|
| 008 | 020125n1999 000 0 eng u | ||
| 020 | _a0884152286 | ||
| 035 | _a(Sirsi) u116472 | ||
| 050 | _a621.319240299 PAG | ||
| 100 | _aPage, J. | ||
| 245 | _aEstimator's electrical man-hour manual | ||
| 250 | _a3rd ed. | ||
| 260 |
_aHouston, Tex. _bPage _c1999 |
||
| 300 |
_axxiv,440p. _c23cm. |
||
| 350 | _a55.00 | ||
| 520 | _aAn American guide to making man-hour estimates for the installation of electrical wiring and equipment. Figures are given in imperial units. | ||
| 650 | _aELECTRICAL EQUIPMENT | ||
| 650 | _aELECTRICAL INSTALLATIONS | ||
| 650 | _aELECTRICAL WIRING | ||
| 650 | _aELECTRICIANS | ||
| 650 | _aELECTRICS | ||
| 650 | _aMAN-HOURS | ||
| 650 | _aWIRING | ||
| 690 | _aBUILDING AND CONSTRUCTION-ENGINEERING-MECHANICAL AND ELECTRICAL | ||
| 942 | _n0 | ||
| 999 |
_c101859 _d101859 |
||